• 首页
  • 本馆介绍
  • 公告通知
  • 最新文献
  • 馆藏检索
  • 电子资源
  • 读者导购
  • 参考咨询
  • 我的图书馆
  • 登录
  • 详细信息显示
  • 放入我的书架
  • 预约/预借图书
  • 作者相关作品
  • 分类相关作品
  • 丛书相关作品
  • 出版社相关作品

书目信息

  • 表格格式
  • 工作单格式
  • 卡片格式
题名:
有机化学导论
    
 
作者: 高鸿宾 主编
分册:  
出版信息: 天津   天津大学出版社  1988.9
页数: 300页
开本: 26cm
丛书名:
单 册:
中图分类: O621 , O62
科图分类:
主题词: 有机化学
电子资源:
ISBN: 7-5618-0042-8
000 00683nam0 2200253 45
001 0189026111
005 20040908082628.5
010    @a7-5618-0042-8@dCNY3.25
020    @aCN@b89026111
100    @a19911017d1988 m y0chiy0120 ea
101 0  @achi
102    @aCN@b120000
105    @ay z 000yy
106    @ar
200 10 @a有机化学导论@Ayou ji hua xue dao lun@f高鸿宾主编@Fgao hong bin zhu bian
210    @a天津@c天津大学出版社@d1988.9
215    @a300页@d26cm
540 1  @a有机化学@Ayou ji hua xue
606 0  @a有机化学
690    @aO621@v1980
690    @aO62@v3
701  0 @a高鸿宾@Agao hong bin@4主编
801  0 @aCN@bNLC@c19911017
905    @dO62@e59@f1@b215856
    
    有机化学导论/高鸿宾主编.-天津:天津大学出版社,1988.9
    300页;26cm
    
    
    ISBN 7-5618-0042-8:CNY3.25
    
●
相关链接 在E读中查询图书 在五车中查询图书 在当当中查询图书 在豆瓣中查询图书


正题名:有机化学导论     索取号:O62/59         预约/预借

序号 登录号 条形码 馆藏地/架位号 状态 备注
1 0215855   001050427   第三借阅区/ [索取号:O62/59] 在馆    
2 0215856   001949191   第三借阅区/ [索取号:O62/59] 在馆    
3 0215857   000698962   第二样本阅览室/ [索取号:O62/59] 在馆    
唐山师范学院图书馆 欢迎您!
大连网信软件有限公司© 版权所有